000 02297nam a2200505 c 4500
001 4908
003 ES-MaCES
005 20141221121740.0
008 970127s1996 sp o||| | spa d
017 _aM-16190-1996
_bDL
020 _a847434915
024 7 _a201-96-012-6
_2nipo
035 _aCES19980049474m
040 _aES-MaCES
_bspa
_cES-MaCES
111 2 _aJornadas de Estudio sobre la Negociación Colectiva
_n
_d1995
_cMadrid
_9184
245 1 0 _aEstructura de la negociación colectiva
_b: VII Jornadas de Estudio sobre la Negociación Colectiva, Madrid, 8 de junio de 1995
_cedición preparada por [la] Comisión Consultiva Nacional de Convenios Colectivos
260 _aMadrid
_bCentro de Publicaciones, Ministerio de Trabajo y Asuntos Sociales
_cD.L. 1996
300 _a341 p.
_c22 cm
490 1 _aColección Informes y estudios. Serie Relaciones laborales
_v15
500 _aIncluye: Informe negociación colectiva 1994 ; Memoria 1994 / Comisión Nacional Consultiva de Convenios Colectivos
541 _cGratuito
610 1 4 _aComisión Consultiva Nacional de Convenios Colectivos (España)
_92011
650 4 _anegociación colectiva
_928362
650 4 _aconvenio colectivo
_928361
650 4 _aacuerdo colectivo de empresa
_931121
650 4 _aempresa de trabajo temporal
_929837
650 4 _arégimen jurídico
_929894
650 4 _aEstatuto de los Trabajadores
_930784
650 4 _areforma legislativa
_929892
650 4 _aderecho del trabajo
_927165
650 4 _aEspaña
_926964
650 4 _a1994
_930780
650 4 _amemoria anual
_928977
650 4 _ainforme de actividades
_928984
650 4 _acuadros estadísticos
_928890
653 1 0 _aRelaciones laborales-Empleo
710 1 _aComisión Consultiva Nacional de Convenios Colectivos (España)
_ecol.
_92011
710 1 _aEspaña
_tLey de sanidad
_d1986
_93052
740 0 2 _aInforme negociación colectiva 1994 / Comisión Nacional Consultiva de Convenios Colectivos
740 0 2 _aMemoria 1994 / Comisión Nacional Consultiva de Convenios Colectivos
830 0 _aColección Informes y estudios (España. Ministerio de Trabajo y Seguridad Social)
_pSerie Relaciones laborales
_v15
_932474
902 _aLIB Libro
942 _2CES
_cBK
_h2.0.
999 _c4908
_d4908